Statistics for Most Deadly Countries

Click here to take the quiz!

General Stats

  • This quiz has been taken 112 times
  • The average score is 7 of 20

Answer Stats

RankDeaths/1000 peopleCountry% Correct
814.55Somalia
65%
714.59Afghanistan
63%
1114.10Russia
60%
1913.40Niger
57%
1713.48Nigeria
53%
117.23South Africa
50%
415.16Chad
43%
1313.90Mali
41%
215.76Ukraine
38%
1813.40Zambia
29%
2013.09Namibia
27%
1213.90Belarus
26%
315.18Lesotho
26%
515.01Guinea-Bissau
23%
1014.21Swaziland
23%
614.71Central African Republic
19%
1513.60Latvia
19%
914.32Bulgaria
18%
1613.60Estonia
16%
1413.81Serbia
11%

Score Distribution

Percentile by Number Answered

Percent of People with Each Score

Your Score History

You have not taken this quiz